000 00212nam a22000857a 4500
008 170125b xxu||||| |||| 00| 0 eng d
100 _92568
_aDas.R.
245 _aGeneral Knowledge-5
260 _aNew Delhi
_bF.B.&CO
_c2011
999 _c5681
_d5681